Caricamento...

Report 1975-76

Dettagli Bibliografici
Natura: Printed Book
Pubblicazione: New Delhi: Information and broadcasting 1976.
LEADER 00422nam a22001097a 4500
082 |a 384.540954  |b REP 
245 |a Report 1975-76  |c Ministry of(Information and broadcasting) 
260 |a New Delhi:  |b Information and broadcasting   |c 1976. 
300 |a 150p.: 
942 |2 ddc  |c BK 
999 |c 149703  |d 149703 
952 |0 0  |1 0  |4 0  |6 384_540954000000000_REP  |7 0  |9 159967  |a MCJ  |b MCJ  |c ST1  |d 2012-04-16  |i 094  |l 0  |o 384.540954 REP  |p MCJ094  |r 2014-06-21  |w 2014-06-21  |y BK